000 00771nmc a2200277 a 4500
003 AR-BaBNM
005 20251128210421.0
008 230020s1999 ||||||||||||||000 | spa||
020 _a950-511-536-9
040 _cAR-BaBNM
100 1 _aBrandán Aráoz, María
245 1 0 _aMagdalena en el zoológico
250 _a1ª ed.
260 _aBuenos Aires
_bAlfaguara
_c1999
300 _a39 p.
_bil.
490 0 _aAlfaguara infantil. Verde
_vv. 1
500 _aLa presente obra está dirigida a niños que se inician en la lectura
650 4 _aLITERATURA INFANTIL
650 4 _aLIBROS PARA NINOS
650 4 _aCUENTOS DE ANIMALES
650 4 _aHUMOR
655 _aLITERATURA
700 1 _aGarófoli, Viviana
_eilustrador
942 _cBK
998 _cMARTIN
999 _c15387
_d15387